000 00632nam a2200241Ia 4500
003 OSt
005 20221005102133.0
006 a|||||r|||| 00| 0
007 ta
008 221004b |||||||| |||| 00| 0 eng d
024 _a27160
037 _cTextual
040 _aCRL
_cCRL
_beng
041 _2eng
_aeng
082 _aQ22, K5
100 _aBhandarkar R G
245 0 _aVaisnavism Saivism and minor religious systems
260 _aVaranasi
_bIndological Book House
_c1965
300 _a167p.
_ccm.
650 _aRELIGION
942 _hQ22, K5
_cTEXL
_2cc
999 _c1007888
_d1007888